Project management using network analysis

Guardado en:
Detalles Bibliográficos
Autor principal: Hoare, H.R
Formato: Libro
Lenguaje:inglés
Publicado: London McGrwa-Hill Book Co. 1973
Etiquetas: Agregar Etiqueta
Sin Etiquetas, Sea el primero en etiquetar este registro!

MARC

LEADER 00000nam a2200000 4500
001 c109371
005 20041019155143.9
041 0 |a eng 
044 |a GB 
245 1 0 |a Project management using network analysis  |c H.R. Hoare 
264 1 |a London  |b McGrwa-Hill Book Co.  |c 1973 
300 |a 109 s. 
100 1 |a Hoare, H.R.